| 000 | 00796nam a2200241 i 4500 | ||
|---|---|---|---|
| 001 | 173317 | ||
| 003 | ES-MaACL | ||
| 005 | 20230906215218.0 | ||
| 008 | 091125s1974 pr a |||| | spa d | ||
| 020 | _a84-399-2330-9 | ||
| 080 | _a860.729.5)-94"19" | ||
| 100 | 1 |
_aAlegría, José S. _919683 |
|
| 245 | 1 | 0 |
_aRetablos de la aldea _b: estampas de tipos puertorriqueños / _cprólogo de Concha Meléndez ; [ilustraciones de Carlos Marichal]. |
| 250 | _a8ª ed. | ||
| 260 |
_aSan Juan de Puerto Rico : _b[s.n.], _c1974. |
||
| 300 |
_a144 p. : _bil. ; _c22 cm. |
||
| 490 | 1 | _aEstudios puertorriqueños | |
| 700 | 1 |
_aMeléndez, Concha. _979908 |
|
| 700 | 1 |
_aMarichal, Carlos. _976699 |
|
| 830 | 0 |
_aEstudios puertorriqueños _9223507 |
|
| 852 |
_aES-MaACL _jC-57018 |
||
| 999 |
_c173317 _d173317 |
||